Biggest British Stadiums - Statistics

General Stats
  • This quiz has been taken 277 times
  • The average score is 13 of 20
Answer Stats
Picture Answer % Correct
Old Trafford
97%
Wembley Stadium
97%
Anfield
88%
Emirates Stadium
83%
Etihad Stadium
83%
Stamford Bridge
82%
Tottenham Hotspur Stadium
75%
London Stadium
73%
St. James’ Park
70%
Villa Park
64%
Celtic Park
63%
Goodison Park
63%
Ibrox
55%
Millennium Stadium
51%
Hampden Park
46%
Stadium of Light
41%
Twickenham Stadium
41%
Hillsborough Stadium
36%
Elland Road
32%
Murrayfield Stadium
26%
No matching quizzes found
Score Distribution
Percent of People with Each Score
Percentile by Number Answered
Your Score History
You have not taken this quiz